| 000 | 01688nac a22003611u 4500 | ||
|---|---|---|---|
| 999 |
_c6361 _d6361 |
||
| 003 | EG-ScBUE | ||
| 005 | 20210530110139.0 | ||
| 008 | 080813s1993 ku a f b 00010 are d | ||
| 040 |
_aEG-ScBUE _bara _erda _cEG-ScBUE _dEG-ScBUE |
||
| 041 | 1 |
_aara _kfre _heng |
|
| 082 | 0 | 4 |
_a006.3 _bب و ن _222 |
| 100 | 1 |
_aبونيه، آلان، _d1945- _eمؤلف. |
|
| 240 | 1 | 0 |
_aArtificial intelligence. _lArabic |
| 245 | 1 | 2 |
_aالذكاء الاصطناعي : _bواقعه ومسقبله / _cتأليف آلان بونيه ؛ ترجمة د. علي صبري فرغلي |
| 264 | 1 |
_aالكويت : _bالمجلس الوطني للثقافة والفنون والآداب، _c1993. |
|
| 300 |
_a365 صفحة : _bإيضاحيات ؛ _c18 سم. |
||
| 336 |
_2rdacontent _aنص _btxt |
||
| 337 |
_2rdamedia _aبدون وسيط _bn |
||
| 338 |
_2rdacarrier _aمجلد _bnc |
||
| 490 | 0 |
_aعالم المعرفة ؛ _v172 |
|
| 500 | _aعنوان الكتاب بالفرنسية : L'intellingence Artificielle : promesse et realites. | ||
| 504 | _aيشتمل علي إرجاعات ببليوجرافية وكشافات. | ||
| 541 |
_aمكتبة الاسكندرية ; _cإهداء ; |
||
| 546 | _aالنص باللغة العربية وتم ترجمته من اللغة الإنجليزية. | ||
| 650 | 7 |
_aالذكاء الاصطناعي. _2BUEsh |
|
| 650 | 7 |
_aالحاسبات الإلكترونية. _2BUEsh |
|
| 650 | 7 |
_aالتكنولوجيا _xخدمات المعلومات. _2BUEsh |
|
| 650 | 7 |
_aالاتصالات الالكترونية. _2BUEsh |
|
| 651 | _2BUEsh | ||
| 653 |
_bCOMAME _cMay2021 |
||
| 655 |
_vReading book _934232 |
||
| 942 |
_cBB _k006.3ب و ن _2ddc |
||